000 01171nam a2200265 a 4500
001 000038160
005 20260323121931.0
008 130320s1996 dr 000 0 spa d
020 _a9993430390
040 _aDO-SdBNP
_bspa
_cBNPHU
082 _a382.92
_bA189c
245 0 0 _aAcuerdos comerciales multilaterales de la ronda Uruguay.
260 _aSanto Domingo :
_bComisión Nacional de Seguimiento a los Acuerdos del GAT/OMC ,
_c1996.
_g2001
300 _a583 p. ;
_c23 cm.
500 _aAprobado por la Resolución No. 2-95, del Congreso Nacional de la República Dominicana promulgada por el Poder Ejecutivo el 20 de enero de 1995
590 _aInventariado, 2018/VM
611 2 4 _aRONDA URUGUAY
_d(1987-1994)
_964522
650 0 _aComercio internacional
_910367
650 0 _aTratados comerciales
_964523
650 4 _aRegulación del comercio exterior
_98571
710 1 _aRepública Dominicana. Comisión Nacional de Seguimiento a los Acuerdos del GAT/OMC
_964524
710 2 _aOrganización Mundial del Comercio
_964525
710 2 _aAcuerdo General sobre Aranceles Aduaneros y Comercio (Organización)
_964526
910 _aValidado. Control de calidad MFF
999 _c37650
_d37650